Karcinogénna bomba v strede mesta : v roku 1971 napustili reštaurátori drevený kostolík z Kožuchoviec chemikáliami na konzervovanie železničných podvalov

Podrobná bibliografia
Hlavní autori: Sambor, Miroslav (Author), Vacula, Miroslav (Author)
Médium: Článok
Jazyk:Slovak
Témy:
Zdroj: 1. Košický večer 1. Roč. 13(34), č. 91(2002), dát. 0514, s. 1 a 3
LEADER 01020nab#a2200337#ar4500
001 000028014
003 SVKKK
005 00000000000000.0
008 c xo e sloo
FMT
038 |a SVKKK 
040 |a SVKKK  |b slo  |e AACR2 
041 0 |a slo 
044 |a xo  |c SK 
080 |a 726.5  |2 1981 
100 1 |a Sambor, Miroslav  |4 aut 
245 1 0 |a Karcinogénna bomba v strede mesta :  |b v roku 1971 napustili reštaurátori drevený kostolík z Kožuchoviec chemikáliami na konzervovanie železničných podvalov  |c Sambor Miroslav, , Vacula Miroslav 
300 |b Fotogr. 
650 0 4 |a Východoslovenské múzeum, Košice 
650 0 4 |a kostolík drevený  |x reštaurovanie  |x návrhy  |x dôvody  |x riporty 
700 1 |a Vacula, Miroslav  |4 aut 
773 0 |t Košický večer  |g Roč. 13(34), č. 91(2002), dát. 0514, s. 1 a 3 
957 |a Košice 
957 |a Kožuchovce 
958 |a KE 
958 |a SP 
974 |d 030402  |a Čr 
992 |a RBX 
BAS
852 |a SVKKK  |b BIB 
998 |a REG